• 首页
  • 本馆介绍
  • 公告通知
  • 最新文献
  • 馆藏检索
  • 电子资源
  • 读者导购
  • 参考咨询
  • 我的图书馆
  • 登录
  • 详细信息显示
  • 放入我的书架
  • 预约/预借图书
  • 作者相关作品
  • 分类相关作品
  • 丛书相关作品
  • 出版社相关作品

书目信息

  • 表格格式
  • 工作单格式
  • 卡片格式
题名:
浪漫主义
    
 
作者: 弗斯特 著 ;李今 译
分册:  
出版信息: 北京   昆仑出版社  1989.3
页数: 104页
开本: 19厘米
丛书名: 文学批评术语丛书
单 册:
中图分类: I0
科图分类: 42.2039
主题词: 文学理论
电子资源:
ISBN: 7-80040-130-8
000 00914nam2 2200313 45
001 0189010795
005 20040425130922.4
010    @a7-80040-130-8@dCNY1.60
020    @aCN@b89010795
100    @a19910105d1989 m y0chiy0120 ea
101 1  @achi@ceng
102    @aCN@b110000
105    @ay z 000yy
106    @ar
200 10 @a浪漫主义@Alang man zhu yi@f( )弗斯特著@F( ) fu si te zhu@g李 今译
210    @a北京@c昆仑出版社@d1989.3
215    @a104页@d19厘米
225 2  @a文学批评术语丛书
300    @a著者原题:利里安·弗斯特
330    @a本书简要论述了十九世纪欧洲浪漫主义文学运动的起落,及其代表性作家,团体与作品。
410  0 @120010@a文学批评术语丛书
540 1  @a浪漫主义@Alang man zhu yi
606 0  @a文学理论
690    @aI0
692    @a42.2039@v1974
701  0 @a弗斯特@Afu si te@4著
702  0 @a李今@Ali jin@4译
801  0 @aCN@bNLC@c19910105
905    @f1@b220757@dI0@e138
    
    浪漫主义/( )弗斯特著/李 今译.-北京:昆仑出版社,1989.3
    104页;19厘米.-(文学批评术语丛书)
    著者原题:利里安·弗斯特
    
    ISBN 7-80040-130-8:CNY1.60
    本书简要论述了十九世纪欧洲浪漫主义文学运动的起落,及其代表性作家,团体与作品。
●
相关链接 在E读中查询图书 在五车中查询图书 在当当中查询图书 在豆瓣中查询图书


正题名:浪漫主义     索取号:I0/138         预约/预借

序号 登录号 条形码 馆藏地/架位号 状态 备注
1 0220757   000902296   第二借阅区/ [索取号:I0/138] 在馆    
2 0220758   202435560   第一样本阅览室/ [索取号:I0/138] 在馆    
唐山师范学院图书馆 欢迎您!
大连网信软件有限公司© 版权所有